00477 2200193 4500001002100000005001500021008004100036020002200077035001900099041000700118082000800125090001200133100003300145245001700178250000900195260002700204300002500231650002700256INLIS00000000000437120241224112911241224||||||||| | ||| |||| || |  a978-979-29-5259-9 0010-1224004371 aid0 a615 a615.3210 aIBUNDA SUPARNI ARI WULANDARI00aHERBAL PAPUA aED 1 bRAPHA PUBLISHINGc2016 ax+150 HAL.; 14X21 CM 0aILMU SENI DAN OLAHRAGA